| 000 | 01075cam a22003497a 4500 | ||
|---|---|---|---|
| 003 | CHAP | ||
| 005 | 20220817044311.0 | ||
| 008 | 091109s19851979mx r 00010 spa d | ||
| 010 | _a97034 | ||
| 011 | _a98006 | ||
| 020 | _a9684340710 | ||
| 035 | _a108681 | ||
| 040 | _cCHAP | ||
| 082 | 4 |
_a306.6 _bW38Y |
|
| 100 | 0 | 0 |
_aWeber, Max. _9121297 |
| 245 | 1 | 3 |
_aLa ética protestante y el espíritu del capitalismo _c/por Max Weber |
| 260 |
_aMéxico : _bPremià, _c1985 |
||
| 300 | _a193 p. | ||
| 490 | 3 | _aLa red de Jonás | |
| 534 |
_pTít. original : _tGesammelte aufsatze zu religionssoziologie |
||
| 590 |
_aBATCH-UPD _b10 _c20130110 _lUCH01 _h1116 |
||
| 590 |
_aBATCH-UPD _b10 _c20130410 _lUCH01 _h0706 |
||
| 590 |
_aBATCH-UPD _b10 _c20130914 _lUCH01 _h0844 |
||
| 590 |
_aCONVERSION _b10 _c20130109 _lUCH01 _h1354 |
||
| 650 | 1 | 4 |
_aCapitalismo. _918711 |
| 650 | 1 | 4 |
_aÉtica. _982776 |
| 650 | 1 | 4 |
_aReligión y sociología. _995840 |
| 830 | 3 | _aLa red de Jonás | |
| 901 | _aBK | ||
| 942 | _cLIBRO | ||
| 949 |
_a306.6 W38y _bBC _cLIBRO _d33724002135421 _eLIBRO _h111218 _i108681 _sb |
||
| 999 |
_c97034 _d97034 |
||